ბათუმის შოთა რუსთაველის სახელმწიფო უნივერსიტეტის ბიბლიოთეკა

Введениие в историю кономической мысли. От пророков до професоров. (ბიბ.ჩანაწერი № 37177)

000 -LEADER
fixed length control field 00697nam a2200217Ia 4500
001 - CONTROL NUMBER
control field 3133
003 - CONTROL NUMBER IDENTIFIER
control field GE_BSU
008 - FIXED-LENGTH DATA ELEMENTS--GENERAL INFORMATION
fixed length control field 181216s||||||||xx |||||||||||||| ||und||
020 ## - INTERNATIONAL STANDARD BOOK NUMBER
International Standard Book Number 5774900010
040 ## - CATALOGING SOURCE
Transcribing agency GE_BSU
100 ## - MAIN ENTRY--PERSONAL NAME
Personal name Майбурд, Е М.
245 ## - TITLE STATEMENT
Title Введениие в историю кономической мысли. От пророков до професоров.
245 ## - TITLE STATEMENT
Statement of responsibility, etc. Ред. В,В. Антонов.
260 ## - PUBLICATION, DISTRIBUTION, ETC.
Place of publication, distribution, etc. Москва
260 ## - PUBLICATION, DISTRIBUTION, ETC.
Name of publisher, distributor, etc. Дело, Вита- Пресс
260 ## - PUBLICATION, DISTRIBUTION, ETC.
Date of publication, distribution, etc. 1997
300 ## - PHYSICAL DESCRIPTION
Extent 544 см. 24 см.
653 ## - INDEX TERM--UNCONTROLLED
Uncontrolled term Введениие в историю экономической мысли
942 ## - ADDED ENTRY ELEMENTS (KOHA)
Koha item type წიგნი
ეგზემპლარები
Withdrawn status Lost status Damaged status Not for loan Date acquired Barcode Date last seen Price effective from Koha item type Public note
        2018-12-17 7824 2018-12-17 2018-12-17 წიგნი დარდბაზი
        2018-12-17 7825 2018-12-17 2018-12-17 წიგნი დარბაზი